| 000 | 01270cam a22003497a 4500 | ||
|---|---|---|---|
| 003 | CHAP | ||
| 005 | 20220329143047.0 | ||
| 008 | 051122d2005 mx a r 00110 spa d | ||
| 010 | _a91365 | ||
| 011 | _a92337 | ||
| 035 | _a102901 | ||
| 040 | _cCHAP | ||
| 090 | _aTesis | ||
| 100 | 0 | 0 |
_aBolívar Gudíño, Nicolás. _913588 |
| 245 | 1 | 0 |
_aEvaluación reproductiva de la lombriz roja california (Eisenia foetídas) con mezclas orgánicas a base de bovinaza _c/por Nicolás Bolívar Gudíño |
| 260 |
_aCocula, Gro. : _bEl autor, _c2005. |
||
| 300 |
_a87 h. : _bilus.; gráfs.; cuadros. |
||
| 502 | _aTesis ( Ing. Agr. Zootecnista ) -- Colegio Superior Agropecuario del Estado de Guerrero. Centro de Estudios Profesionales | ||
| 590 |
_aALEPH _b10 _c20130110 _lUCH01 _h1507 |
||
| 590 |
_aBATCH-UPD _b10 _c20130110 _lUCH01 _h0605 |
||
| 590 |
_aBATCH-UPD _b10 _c20130410 _lUCH01 _h0247 |
||
| 590 |
_aBATCH-UPD _b10 _c20130913 _lUCH01 _h1830 |
||
| 590 |
_aCONVERSION _b10 _c20130109 _lUCH01 _h1351 |
||
| 650 | 1 | 4 |
_aAbonos. _9235 |
| 650 | 1 | 4 |
_aEisenia foetida. _935829 |
| 650 | 1 | 4 |
_aEstiércol de vaca. _938326 |
| 650 | 1 | 4 |
_aLombrices de tierra. _967520 |
| 901 | _aBK | ||
| 905 | _aElisama A. H. | ||
| 942 | _cTESIS | ||
| 949 |
_aTesis _bBC _cTES _d102901 _eTS1 _h43949 _i102901 _sb |
||
| 999 |
_c91365 _d91365 |
||